Programming in Visual Basic 2008

The author team of Bradley and Millspaugh remain the guiding light in Programming with Visual Basic 2008 for countless students around the world. This updated edition of their bestseller contains examples, feedback questions, screen captures, step-by-step exercises, and thorough appendices.

Gorde:
Xehetasun bibliografikoak
Egile nagusia: Bradley, Julia Case
Formatua: Liburua
Hizkuntza:Undetermined
Argitaratua: Boston McGraw-Hill Higher Education 2009
Gaiak:
Etiketak: Etiketa erantsi
Etiketarik gabe, Izan zaitez lehena erregistro honi etiketa jartzen!
Thư viện lưu trữ: Trung tâm Học liệu Trường Đại học Cần Thơ
LEADER 00852nam a2200193Ia 4500
001 CTU_187073
008 210402s9999 xx 000 0 und d
082 |a 005.2762 
082 |b B811 
100 |a Bradley, Julia Case 
245 0 |a Programming in Visual Basic 2008 
245 0 |c Julia Case Bradley, Anita C. Millspaugh 
260 |a Boston 
260 |b McGraw-Hill Higher Education 
260 |c 2009 
520 |a The author team of Bradley and Millspaugh remain the guiding light in Programming with Visual Basic 2008 for countless students around the world. This updated edition of their bestseller contains examples, feedback questions, screen captures, step-by-step exercises, and thorough appendices. 
650 |a Visual Basic,Chương trình Visual Basic 
904 |i Giang 
980 |a Trung tâm Học liệu Trường Đại học Cần Thơ